| 000 | 02004nam a2200493Ii 4500 | ||
|---|---|---|---|
| 001 | DIGALBA0257 | ||
| 003 | NyNyDIG | ||
| 006 | m o d | ||
| 007 | cr ||||||||||| | ||
| 008 | 180906s2015 sp o 000 0 spa d | ||
| 020 |
_a9788490651377 _q(eBook ; _qePub) |
||
| 020 |
_a849065137X _q(eBook ; _qePub) |
||
| 035 | _a(OCoLC)1007137338 | ||
| 040 |
_aDGITA _beng _erda _epn _cDGITA |
||
| 041 |
_aspa _heng |
||
| 050 | 1 | 4 | _aG530.E77 eBook |
| 082 | 0 | 4 | _a910 |
| 240 | 1 | 0 |
_aLoss of the ship Essex, sunk by a whale. _lSpanish _s(Torres Oliver) |
| 245 | 0 | 3 |
_aEl desastre del Essex, hundido por una ballena / _cOwen Chase, Thomas Nickerson y otros ; edición, introducción y notas de Nathaniel Philbrick y Thomas Philbrick ; traducción y glosario de Francisco Torres Oliver. |
| 250 | _aEdición en formato digital. | ||
| 264 | 1 |
_aBarcelona : _bAlba Editorial, _cnoviembre de 2015. |
|
| 300 | _a1 online resource. | ||
| 336 |
_atext _btxt _2rdacontent |
||
| 337 |
_acomputer _bc _2rdamedia |
||
| 338 |
_aonline resource _bcr _2rdacarrier |
||
| 490 | 1 |
_aAlba clásica ; _v65 |
|
| 588 | _aOnline resource; title from ePub title page (Digitalia, viewed September 6, 2018) | ||
| 610 | 2 | 0 | _aEssex (Whaleship) |
| 650 | 0 | _aShipwreck survival. | |
| 650 | 0 |
_aShipwrecks _zPacific Ocean _xHistory _y19th century. |
|
| 655 | 0 | _aElectronic books. | |
| 700 | 1 |
_aChase, Owen, _eauthor. |
|
| 700 | 1 |
_aNickerson, Thomas, _d1805-1883, _eauthor. |
|
| 700 | 1 |
_aPhilbrick, Nathaniel, _eeditor, _econtributor agent of text. |
|
| 700 | 1 |
_aPhilbrick, Thomas, _eeditor, _econtributor agent of text. |
|
| 700 | 1 |
_aTorres Oliver, Francisco, _etranslator. |
|
| 730 | 0 |
_iTranslation of: _aLoss of the ship Essex, sunk by a whale. |
|
| 791 | 2 |
_aDigitalia (Firm), _edistributor. |
|
| 793 | 0 |
_gDigitalia eBook Collection: _aAlba Editorial. |
|
| 830 | 0 |
_aAlba Clásica ; _v65. |
|
| 856 | 4 | 0 |
_3Digitalia Hispánica _uhttps://www.digitaliapublishing.com/a/48865/ |
| 910 | _aPremium collection: 2019 | ||
| 942 | _cRAA | ||
| 999 |
_c251172 _d251172 |
||